New Zealand Rugby - Steinlager Salver Award Winners - Statistics

General Stats
  • This quiz has been taken 56 times
    4 since last reset
  • The average score is 7 of 25
Answer Stats
Year Hint Recipient % Correct
2003 All Black Captain and World Cup Winning Coach Brian Lochore
67%
1999 All Black, King Country's Finest Colin Meads
67%
2009 All Black of the 1960s and noted Educationalist John Graham
67%
2004 Rugby Photographer Peter Bush
67%
2018 Notable All Black Flanker, Coach and NZ Maori Player Waka Nathan
67%
2000 All Black and NZ Maori Loose Forward Zinzan Brooke
67%
2021 Distinguished Black Ferns Captain, 4 time world cup winner Anna Richards
33%
2020 Debuted on the 1970 tour of South Africa. Distinguished player and coach Bryan Williams
33%
2013 All Black Captain from Taranaki and Super Rugby Coach Graham Mourie
33%
2011 All Black Captain of the 1980s and Rugby Administrator Jock Hobbs
33%
2007 Rugby Administrator during 1980s Ron Don
33%
2019 Long Term Administrator Steve Tew
33%
2008 NZ Maori, All Black Captain and NZ Rugby President Tane Norton
33%
2017 All Black of the 1980s, Head Coach and Assistant All Black Coach Wayne Smith
33%
2014 All Blacks Manager, Administrator, Key Role in organising first Rugby World Cup Dick Littlejohn
0%
2022 Long Time All Blacks Doctor Dr Deb Robinson
0%
2002 WW2 veteran, All Black Captain and Coach Fred Allen
0%
2016 Television Producer Gavin Service
0%
2010 Broadcaster Keith Quinn
0%
2015 Former NZRU Chairman Mike Eagle
0%
2012 Southland Stalwart. Player, Coach and Administrator Ray Harper
0%
2005 All Black and Rugby Administrator Richie Guy
0%
2023 Long Time Administrator and contributor to New Zealand Rugby Rob Fisher
0%
2006 All Black Player and 1980s Selector Stan Hill
0%
2001 Rugby Journalist Terry McLean
0%
No matching quizzes found
Score Distribution
Percent of People with Each Score
Percentile by Number Answered
Your Score History
You have not taken this quiz since the last reset